Mulberry cultivation / (Record no. 68585)
[ view plain ]
| 000 -LEADER | |
|---|---|
| fixed length control field | 00701nam a2200241 a 4500 |
| 001 - CONTROL NUMBER | |
| control field | 68585 |
| 003 - CONTROL NUMBER IDENTIFIER | |
| rucl marc code | BD-RjUL |
| 005 - DATE AND TIME OF LATEST TRANSACTION | |
| control field | 20211209081804.0 |
| 008 - FIXED-LENGTH DATA ELEMENTS--GENERAL INFORMATION | |
| fixed length control field | 891010r19911988it a i000 0 eng |
| 020 ## - INTERNATIONAL STANDARD BOOK NUMBER | |
| International Standard Book Number | 812040341X |
| 035 ## - SYSTEM CONTROL NUMBER | |
| System control number | (BD-RjUL)68795 |
| 040 ## - CATALOGING SOURCE | |
| Original cataloging agency | DLC |
| Transcribing agency | DLC |
| Modifying agency | DLC |
| Language of cataloging | eng |
| 041 1# - LANGUAGE CODE | |
| Language code of text/sound track or separate title | eng |
| Language code of original | chi |
| 082 00 - DEWEY DECIMAL CLASSIFICATION NUMBER | |
| Edition number | 23 |
| Classification number | 634.38 |
| Author mark and year | RAM 1991 |
| 100 1# - MAIN ENTRY--PERSONAL NAME | |
| Personal name | Rangaswami, G |
| 9 (RLIN) | 203290 |
| 245 10 - TITLE STATEMENT | |
| Title | Mulberry cultivation / |
| Statement of responsibility, etc. | G Rangaswami |
| 260 ## - PUBLICATION, DISTRIBUTION, ETC. (IMPRINT) | |
| Place of publication, distribution, etc. | New Delhi : |
| Name of publisher, distributor, etc. | Oxford and IBH Publising co., |
| Date of publication, distribution, etc. | 1988. [reprinted 1991] |
| 300 ## - PHYSICAL DESCRIPTION | |
| Pagination | vii, 150 p. : |
| Illustrations | ill. ; |
| Size | 30 cm. |
| 650 #0 - SUBJECT ADDED ENTRY--TOPICAL TERM | |
| Topical term or geographic name as entry element | Mulberry. |
| 9 (RLIN) | 203278 |
| 830 ## - SERIES ADDED ENTRY--UNIFORM TITLE | |
| Uniform title | Sericulture manual |
| Volume number/sequential designation | 1 |
| 942 ## - ADDED ENTRY ELEMENTS (KOHA) | |
| Source of classification or shelving scheme | Dewey Decimal Classification |
| Koha item type | Books |
| Lost status | Source of classification or shelving scheme | Damaged status | Not for loan | Collection code | Permanent Location | Current Location | Shelving location | Date acquired | Source of acquisition | Cost, normal purchase price | Total Checkouts | Full call number | Date last seen | Copy number | Koha item type |
|---|---|---|---|---|---|---|---|---|---|---|---|---|---|---|---|
| Dewey Decimal Classification | Not For Loan | Non-fiction | Central Library, University of Rajshahi | Central Library, University of Rajshahi | Reading Room | 14/09/1995 | Karim International | 123.00 | 634.38 RAM 1991 | 03/04/2017 | C-1 | Books | |||
| Dewey Decimal Classification | Non-fiction | Central Library, University of Rajshahi | Central Library, University of Rajshahi | 20/09/1997 | Photocopy, R.U.L | 634.38 RAM 1991 | 24/04/2017 | C-2 | Books |